Counter Strike : Équipe vainqueurs de Major - Statistiques

Statistiques générales
  • Ce quiz a été pris 278 fois
    166 depuis la dernière actualisation
  • Le résultat moyen est 19 sur 23
Statistiques - réponses
Major Equipe % Correct
StarLadder Budapest Major 2025 Vitality
100%
BLAST Austin Major 2025 Vitality
100%
BLAST Paris Major 2023 Vitality
100%
PGL Major Copenhagen 2024 Navi
95%
PGL Major Stockholm 2021 Navi
95%
PGL Major Antwerp 2022 FaZe
94%
Perfect World Shanghai Major 2024 Spirit
92%
StarLadder Major: Berlin 2019 Astralis
90%
IEM Katowice Major 2019 Astralis
90%
FACEIT Major: London 2018 Astralis
90%
ELEAGUE Major 2017 Astralis
90%
ESL One Cologne 2014 NIP
84%
DreamHack Winter 2014 LDLC
82%
ESL One Cologne 2015 Fnatic
81%
ESL One Katowice 2015 Fnatic
81%
Dreamhack Winter 2013 Fnatic
81%
DreamHack Open Cluj-Napoca 2015 Envy
74%
EMS One Katowice 2014 Virtus Pro
73%
ELEAGUE Major: Boston 2018 Cloud9
63%
IEM Rio Major 2022 Outsiders
57%
PGL Major: Kraków 2017 Gambit
55%
MLG Columbus 2016 Luminosity
53%
ESL One Cologne 2016 SK
51%
Aucun quiz correspondant
Distribution des résultats
% des personnes avec chaque résultat
Percentile par nombre de réponses
Votre historique - résultats
Vous n’avez pas pris ce quiz depuis la dernière actualisation